Zváranie ocele s meďou koncentrovaným zdrojom energie = Steel welding with concentreted copper source of energy : Diplomová práca
Saved in:
| Main Author: | |
|---|---|
| Other Authors: | |
| Format: | Manuscript Book |
| Language: | Slovak |
| Published: |
Trnava :
STU v Bratislave MTF UVTE KZv,
2011
|
| Subjects: | |
| Online Access: | VAIS |
| Tags: |
No Tags, Be the first to tag this record!
|
MARC
| LEADER | 00000ntm a22000003a 4500 | ||
|---|---|---|---|
| 001 | stu227058 | ||
| 005 | 20160719160456.7 | ||
| 008 | 110616s2011----xo------------------slo-d | ||
| 040 | |a STU |b slo | ||
| 041 | 0 | |a slo | |
| 044 | |a xo | ||
| 100 | 1 | |a Synaková, Beata, |d 1972- |4 aut |X 29541 |7 A000029541 | |
| 242 | 0 | 0 | |a Steel welding with concentrated copper source of energy |y eng |
| 245 | 1 | |a Zváranie ocele s meďou koncentrovaným zdrojom energie = Steel welding with concentreted copper source of energy : |b Diplomová práca | |
| 260 | |a Trnava : |b STU v Bratislave MTF UVTE KZv, |c 2011 | ||
| 300 | |a 75 | ||
| 650 | 7 | |a weld |2 estusub | |
| 650 | 7 | |a electron beam welding |2 estusub | |
| 650 | 7 | |a zváranie elektrónovým lúčom |2 stusub | |
| 650 | 7 | |a zváranie |2 stusub | |
| 650 | 7 | |a Welding |2 estusub | |
| 700 | 1 | |a Kovačócy, Pavel, |d 1967- |4 ths |u M3000 |U MTF Materiálovotechnologická fakulta |T MTF Ústav výrobných technológií |X 4171 |U M3000 |Y 83 |7 A000004171 | |
| 856 | 4 | |a info a plný text |u http://is.stuba.sk/zp/portal_zp.pl?podrobnosti=77208 |3 VAIS | |
| 996 | |c M*DP-9813 |l MMSKP |s P |a 0 |w stu227058_0001 | ||